=LDR 00000nam 2200000 4500 =001 INLIS000000000037532 =005 20130612143248 =008 ***********************************Ind** =035 ##$$a0010-061300000037532 =041 ##$$a Ind =082 ##$$a 372.3 =090 ##$$a 372.3, Lep b =100 ##$$a Lepora, Nathan =245 ##$$a Belajar dari wahana bermain kecepatan tinggi yang menegangkan, Oleh Nathan Lepora; Alih bahasa, Joe Lesmana 2010 =300 ##$$a 31 hlm, Ilus, 28 cm =650 ##$$a Pendidikan Dasar - Sains =700 ##$$a Lesmana, Joe =850 ##$$a NBPNMAT =990 ##$$a 0001/BPAP-NTB/20142014 =990 ##$$a 00250025 =990 ##$$a 21102099 =990 ##$$a 0001/BPAP-NTB/20142014